书目信息 |
| 题名: |
中华民族的形成与凝聚新论
|
|
| 作者: | 伍雄武 著 | |
| 分册: | ||
| 出版信息: | 昆明 云南人民出版社 2014 |
|
| 页数: | 333页 | |
| 开本: | 24cm | |
| 丛书名: | 云南文库·学术名家文丛 | |
| 单 册: | ||
| 中图分类: | C955.2 | |
| 科图分类: | ||
| 主题词: | 中华民族--民族精神--研究 | |
| 电子资源: | ||
| ISBN: | 978-7-222-08947-1 | |
| 000 | 00933oam2 2200265 450 | |
| 001 | 012001003384 | |
| 005 | 20180926144825.68 | |
| 010 | @a978-7-222-08947-1@dCNY68.00 | |
| 100 | @a20160109d2014 em y0chiy50 ea | |
| 101 | 0 | @achi |
| 102 | @aCN@b530000 | |
| 105 | @aa z 000yy | |
| 106 | @ar | |
| 200 | 1 | @a中华民族的形成与凝聚新论@9zhong hua min zu de xing cheng yu ning ju xin lun@f伍雄武著 |
| 205 | @a2版 | |
| 210 | @a昆明@c云南人民出版社@c云南大学出版社@d2014 | |
| 215 | @a333页@c照片@d24cm | |
| 225 | 1 | @a云南文库·学术名家文丛@f张瑞才主编 |
| 330 | @a本书共分8章,分别为20世纪:中华民族的觉醒与自觉认同;远古-战国:中华民族的孕育与萌发;秦汉-隋唐:中华民族多元一体格局的初步建立等。 | |
| 461 | 0 | @12001 @a云南文库·学术名家文丛 |
| 606 | 0 | @a中华民族@x民族精神@x研究 |
| 690 | @aC955.2@v5 | |
| 701 | 0 | @a伍雄武@9wu xiong wu@f(1939-)@4著 |
| 801 | 0 | @aCN@b上海新华@c20180901 |
| 905 | @b1154318-22@dC955.2@e120=2@f5 | |
| 中华民族的形成与凝聚新论/伍雄武著.-2版.-昆明:云南人民出版社:云南大学出版社,2014 |
| 333页:照片;24cm.-(云南文库·学术名家文丛/张瑞才主编) |
| ISBN 978-7-222-08947-1:CNY68.00 |
| 本书共分8章,分别为20世纪:中华民族的觉醒与自觉认同;远古-战国:中华民族的孕育与萌发;秦汉-隋唐:中华民族多元一体格局的初步建立等。 |
| ● |
| 相关链接 |
|
|
|
|
正题名:中华民族的形成与凝聚新论
索取号:C955.2/120=2
 
预约/预借
| 序号 | 登录号 | 条形码 | 馆藏地/架位号 | 状态 | 备注 |
| 1 | 1154318 | 211543187 | 第一样本阅览室/ [索取号:C955.2/120=2] | 在馆 | |
| 2 | 1154319 | 211543196 | 第一借阅区/ [索取号:C955.2/120=2] | 在馆 | |
| 3 | 1154320 | 211543203 | 第一借阅区/ [索取号:C955.2/120=2] | 在馆 | |
| 4 | 1154321 | 211543212 | 第一借阅区/ [索取号:C955.2/120=2] | 在馆 | |
| 5 | 1154322 | 211543221 | 第一借阅区/ [索取号:C955.2/120=2] | 在馆 |